000 01022nam a2200313Ia 4500
001 Z_503
003 CHAP
008 220113s1984 xx 000 0 und d
010 _a163480
040 _cCHAP
090 _aTesis L 314
100 _aLópez Uptón, Eduardo
_968386
245 _aEvaluación de dietas para un destete precoz en un hato lechero comercial del municipio de Texcoco /
_cpor Eduardo López Uptón y Pedro Magaña Manzo
260 _aChapingo, Méx. :
_bEl autor,
_c1984
300 _a81 h. ; gráfs.
502 _aTesis (Ing. Agrónomo Esp. en Zootecnia) -- UACH. Departamento de Zootecnia
650 _a
_x Ganado lechero
_xPeso
_9137661
650 _aCalostro
_xValor nutritivo
_917584
650 _aGanado lechero
_xAlimentación
_945238
650 _aLeche
_xSubstitutos
_9137662
650 _aMéxico (Edo.)
_xGanado lechero
_9137663
700 _aMagaña Manzo, Pedro
_969800
901 _aTESIS L 314
902 _aM
910 _a1984
942 _c2
942 _c2
999 _c163480
_d163480